000 00803nam a2200241 i 4500
001 000040719
003 DO-SdBNP
005 20240730092121.0
007 ta
008 130905s2008 dr a 000 0 spa d
040 _aDO-SdBNP
_bspa
_cBNPHU
_erda
082 _bP699
_222
245 0 0 _aPlan estratégico de las pymes de la República Dominicana, 2008-2013. :
_bvisión positiva + cultura de valores + compromisos con resultados sostenibles.
264 _aSanto Domingo :
_bONFED,
_c2008.
300 _a107 Páginas ;
_c27 cm.
336 _2rdacontent
_atexto
_btxt
337 _2rdamedia
_asin mediación
_bn
338 _2rdacarrier
_avolumen
_bnc
590 _aInventariado, 2024/DG
710 2 _aOficina nacional para los fondos europeos de desarrollo
_967111
910 _aDG
942 _2ddc
_cLBS1
999 _c40209
_d40209